000 00537nam a2200193Ia 4500
005 20260120124506.0
008 008 260114s9999 xx 000 0 eng d
020 _a9781787567702
037 _aEBOOK
040 _aCRL
_beng
_cCRL
041 _aeng
_2eng
084 _qCRL
100 _aRaida Abu Bakar
_9907060
245 2 _aA Meaningful Life at Work
260 _bEmerald Publishing
_c2018
856 _uhttps://www.emerald.com/insight/publication/doi/10.1108/9781787567672
942 _cEBOOK
999 _c1498747
_d1498747